00699 2200277 4500001002100000005001500021035002000036245006900056100001700125250000600142300003100148700001000179260003100189082000800220084001400228020002200242650002000264990001700284990001700301990001700318990001800335990001700353990001700370990001700387990001700404INLIS00000000000032220181002035549 a0010-10180000121 aSerial Toti :bMaafkan Aku, Ya... /cBijac Studio; Editor, Eko M0 aBijac Studio a- a24 hlm. :bilus. ;c25 cm.0 aEko M aBogor :bYudhistira,c2007 a813 a813 BIJ s a978-979-146-321-2 aFiksi Indonesia a01341/P/2018 a01342/P/2018 a01343/P/2018 a005407/P/2025 a05407/P/2025 a01341/P/2018 a01342/P/2018 a01343/P/2018